Statistics for Countries that border Russia

Click here to take the quiz!

General Stats

  • This quiz has been taken 21 times
  • The average score is 13 of 14

Answer Stats

Answer% Correct
Belarus
100%
China
94%
Estonia
94%
Latvia
94%
Lithuania
94%
Mongolia
94%
Poland
94%
Ukraine
94%
Finland
89%
Georgia
89%
Kazakhstan
89%
North Korea
89%
Azerbaijan
83%
Norway
78%

Score Distribution

Percentile by Number Answered

Percent of People with Each Score

Your Score History

You have not taken this quiz